000 04251cam a22007814i 4500
003 PE-LiUPU
005 20250731170454.0
008 150706s2008 sp a rb 000 0 spa d
020 _a9788436820225
035 _a(Sirsi) i9788436820225
040 _aPE-LiUPU
_bspa
_cPE-LiUPU
_erda
049 _aPRUA
082 0 4 _a155.7
_bP8
_221
082 0 4 _a155.7
_bC77
245 1 0 _aPsicología del desarrollo en la edad escolar /
_ccoordinadores Ana Isabel Córdoba Iñesta, Adela Descals Tomás, María Dolores Gil Llario.
264 1 _aMadrid :
_bPirámide,
_c2008.
300 _a226 páginas :
_bilustraciones ;
_c20 centímetros.
336 _atext
_2rdacontent
337 _aunmediated
_2rdamedia
338 _avolume
_2rdacarrier
490 0 _aPsicología
504 _aIncluye referencias bibliográficas.
505 0 _aBases teórico-conceptuales de la psicología del desarrollo -- Introducción al estudio de la psicología del desarrollo. Concepto y metodología (Ana Isabel Córdoba Iñesta y María Josefa Lafuente Benaches) -- Teorías del desarrollo (Ana Isabel Córdoba Iñesta) -- Desarrollo sensoriomotor -- Desarrollo sensorioperceptual (María Josefa Lafuente Benaches y María Dolores Gil Llario) -- Desarrollo físico y motor (María Dolores Gil Llario) -- Desarrollo cognitivo (Ana Isabel Córdoba Iñesta) -- Desarrollo del lenguaje (Adela Deseáis Tomás y Vicenta Ávila Clemente) -- Desarrollo psicosocial -- Desarrollo socioafectivo (María José Cantero López) -- Desarrollo de la personalidad (Vicente Alfonso Benlliure) -- Desarrollo moral (María Dolores Gil Uario y Vicente Alfonso Benlliure) -- Desarrollo psicosexual (María Dolores Gil Uario y Juan Carlos Meléndez Moral).
526 _aSEG68
526 _aSEG70
526 _aSEG69
526 _aSEG67
526 _aSEG43
526 _aP144
526 _aP143
526 _aP131
526 _aP122
526 _aP120
526 _aP117
526 _aP112
526 _aP110
526 _aP106
526 _aP101
526 _aP80
526 _aP59
526 _aP54
526 _aP35
526 _aP33
526 _aP30
541 _g044-008278;
541 _g044-008278;
541 _g045-0004388;
541 _g0010039193;
650 0 4 _aNiños
_xDesarrollo.
650 0 4 _aPsicología evolutiva.
650 0 4 _aPsicopedagogía.
_91885
700 1 _aCórdoba Iñesta, Ana Isabel,
_ecoordinador.
700 1 _aDescals Tomás, Adela,
_ecoordinador.
700 1 _aGil Llario, María Dolores,
_ecoordinador.
910 _agl
_bjv
_cng
_d20120725
910 _btqv
_cwelc
_d20160908
942 _2ddc
_cBOOK
949 _a155.7 P8
_wDEWEY
_c1
_i65252
_lCCODEBUL1
_mBUL
_p34.00
_r0
_sY
_tBOOK
_u2015-7-6
_xSALUD
_PP33
_o.STAFF. Colección General
949 _a155.7 P8
_wDEWEY
_c2
_i65253
_lCCODEBUL1
_mBUL
_p34.00
_r0
_sY
_tBOOK
_u2015-7-6
_xSALUD
_PP33
_o.STAFF. Colección General
949 _a155.7 P8
_wDEWEY
_c3
_i66011
_lCCODEBUL1
_mBUL
_p44.00
_r0
_sY
_tBOOK
_u2015-7-6
_xSALUD
_PP33
_o.STAFF. Colección General
949 _a155.7 C77 2008
_wDEWEY
_c1
_iFJ00049
_lCCODEBUJ1
_mBUJ
_p42.45
_r0
_sY
_tBOOK
_u2016-09-08
_xSALUD
_PP33
_0COMPRA
_o.STAFF. Colección General Juliaca
994 _aC0
_bPEPRU
596 _a1 3
999 _a155.7 P8
_wDEWEY
_c53851
_i65252
_d53851
_e2019-10-10
_f2021-11-3
_g5
_lCCODEBUL1
_mBUL
_n7
_p34.00
_q4
_r0
_sY
_tBOOK
_u2015-7-6
_xSALUD
_PP33
_0COMPRA
_o.STAFF. Colección Ciencias de la Salud
999 _a155.7 P8
_wDEWEY
_c2
_i65253
_d2017-2-14
_e2017-2-6
_f2021-11-3
_g5
_lCCODEBUL1
_mBUL
_n5
_p34.00
_r0
_sY
_tBOOK
_u2015-7-6
_xSALUD
_PP33
_0COMPRA
_o.STAFF. Colección Ciencias de la Salud
999 _a155.7 P8
_wDEWEY
_c3
_i66011
_d2018-3-6
_e2017-11-27
_f2021-11-3
_g5
_lCCODEBUL1
_mBUL
_n8
_p44.00
_q1
_r0
_sY
_tBOOK
_u2015-7-6
_xSALUD
_PP33
_0COMPRA
_o.STAFF. Colección Ciencias de la Salud
999 _a155.7 C77 2008
_wDEWEY
_c1
_iFJ00049
_d2019-11-25
_e2018-3-20
_f2022-1-17
_g4
_lCCODEBUJ1
_mBUJ
_n3
_p42.45
_q4
_r0
_sY
_tBOOK
_u2015-8-5
_xSALUD
_PP33
_0COMPRA
_o.STAFF. Colección General Juliaca
980 _81
_gALBERTO SANCHEZ Responsable de Automatización